Sinopsis de psiquiatría clínica
Saved in:
| Main Authors: | , |
|---|---|
| Format: | Bog |
| Sprog: | spansk |
| Udgivet: |
Barcelona
Masson
2000
|
| Udgivelse: | 1a. ed |
| Serier: | Biblioteca del DSM-IV
|
| Fag: | |
| Tags: |
Tilføj Tag
Ingen Tags, Vær først til at tagge denne postø!
|
MARC
| LEADER | 00000nam a2200000 a 4500 | ||
|---|---|---|---|
| 001 | UCH3566 | ||
| 003 | CL-VaPUC | ||
| 008 | 090811e20000000SP |||||||||||||||||spa|d | ||
| 020 | |a 8445808974 | ||
| 082 | 0 | 4 | |a 616.89 |b HAL |2 21 |
| 100 | 0 | |a Hales, Robert E |e author |9 538926 | |
| 700 | 0 | |a Yudofsky, Stuart C |e author |9 538927 | |
| 245 | 1 | 0 | |a Sinopsis de psiquiatría clínica |
| 250 | |a 1a. ed | ||
| 300 | |a 1105 p | ||
| 942 | |c BK | ||
| 945 | |d 20090811 00:00:00 |a cmena | ||
| 260 | |a Barcelona |b Masson |c 2000 | ||
| 500 | |a Basado en The American Psychiatric Press, DSM-IV, Tratado de psiquiatría, 3a. ed | ||
| 650 | 0 | |a Psiquiatría |9 308427 | |
| 650 | 7 | |a DESARROLLO PSICOLOGICO |2 CL-VaPUC |9 369936 | |
| 650 | 0 | |a Niños |9 255605 | |
| 650 | 0 | |a Salud mental |9 308393 | |
| 650 | 0 | |a Trastornos del comportamiento |9 311363 | |
| 650 | 0 | |a Trastornos de la personalidad |9 307698 | |
| 650 | 7 | |a TRASTORNOS PSIQUIATRICOS |2 CL-VaPUC |9 538914 | |
| 650 | 0 | |a Psicopatología |9 307473 | |
| 650 | 0 | |a Psicoanálisis |9 265702 | |
| 650 | 7 | |a PSICOTERAPIA |2 CL-VaPUC |9 538928 | |
| 583 | |a last modification |c 20090811 00:00:00 |k Rodrigo Vera | ||
| 490 | 0 | |a Biblioteca del DSM-IV | |
| 999 | |c 335048 |d 335046 | ||
| 952 | |0 0 |1 0 |4 0 |6 616_890000000000000_HAL_2000 |7 0 |8 A |9 424589 |a BIBCUR |b BIBCUR |d 2019-11-22 |i 1088351 |l 1 |o 616.89 HAL 2000 |p 1088351 |r 2025-04-22 |s 2022-10-12 |w 2019-11-22 |y BK |k KIN | ||
| 952 | |0 0 |1 0 |4 0 |6 616_890000000000000_HAL_2000 |7 0 |8 A |9 424590 |a BIBCUR |b BIBCUR |d 2019-11-22 |i 108836K |l 1 |m 1 |o 616.89 HAL 2000 |p 108836K |r 2025-04-22 |s 2022-11-03 |w 2019-11-22 |y BK |k KIN | ||